| 000 | 00516nam a22001817a 4500 | ||
|---|---|---|---|
| 003 | OSt | ||
| 005 | 20260421075720.0 | ||
| 008 | 260421b |||||||| |||| 00| 0 eng d | ||
| 040 |
_aDWC-Main lib _cOC |
||
| 082 | _aCirc. 100 M781p 1965 | ||
| 100 | _aMoore, G. E. | ||
| 245 |
_a Philosophical studies/ _cE.G., Moore |
||
| 260 |
_aNew Jersey: _bLittlefield, Adams & Co., _c c1965. |
||
| 300 |
_aviii, 342 p. ; _c20 cm. |
||
| 504 | _aIncludes index. | ||
| 650 | _a1. Philosophy. | ||
| 942 |
_2ddc _cBK-CIRC _kCirc. _n0 |
||
| 999 |
_c9587 _d9587 |
||